[Event "IX Dos Hermanas Internet"]
[Site "ICC INT"]
[Date "2008.04.04"]
[Round "1.2"]
[White "Andriasian,Z"]
[Black "Hess,Ro"]
[Result "0-1"]
[WhiteElo "2533"]
[BlackElo "2454"]

1.d4 Nf6 2.c4 e6 3.Nf3 Bb4+ 4.Nbd2 O-O 5.a3 Be7 6.e4 d5 7.e5 Nfd7 8.b4 a5
9.b5 c5 10.Bd3 cxd4 11.Qc2 h6 12.cxd5 exd5 13.O-O b6 14.Re1 Nc5 15.Nxd4 Ne6
16.Bb2 Bc5 17.N2f3 Nf4 18.Rad1 Nxd3 19.Qxd3 Qe7 20.h3 a4 21.Re2 Ra5 22.Rde1 Be6
23.Rc1 Re8 24.Rd1 Ra8 25.Nf5 Bxf5 26.Qxf5 Bxa3 27.Bxa3 Qxa3 28.Rxd5 Qe7 29.Rd6 Ra7
30.Ra2 Nd7 31.Qe4 Qxd6 32.exd6 Rxe4  0-1

[Event "TCh-RUS w"]
[Site "Dagomys RUS"]
[Date "2008.04.08"]
[Round "7"]
[White "Borisova,E"]
[Black "Harika,D"]
[Result "1/2-1/2"]
[WhiteElo "2275"]
[BlackElo "2461"]

1.d4 Nf6 2.c4 e6 3.Nf3 Bb4+ 4.Nbd2 O-O 5.a3 Be7 6.e4 d5 7.Bd3 c5 8.e5 Nfd7
9.cxd5 exd5 10.O-O Nc6 11.Re1 Re8  1/2-1/2

[Event "FSGM April"]
[Site "Budapest HUN"]
[Date "2008.04.13"]
[Round "9"]
[White "Nguyen Huynh Minh Huy"]
[Black "Ilincic,Z"]
[Result "1-0"]
[WhiteElo "2482"]
[BlackElo "2548"]

1.d4 Nf6 2.c4 e6 3.Nf3 Bb4+ 4.Nbd2 O-O 5.a3 Be7 6.e4 d5 7.e5 Ne4 8.Qc2 Nxd2
9.Bxd2 h6 10.c5 Nc6 11.Be2 Bd7 12.b4 a6 13.O-O f5 14.a4 Na7 15.Rfb1 c6 16.Ne1 Qe8
17.Ra3 Qg6 18.Qd1 Qh7 19.Rg3 Kh8 20.Bd3 g5 21.f4 Rg8 22.fxg5 Bxg5 23.Nf3 Bxd2
24.Qxd2 Rxg3 25.hxg3 Rg8 26.Kf2 Rg6 27.Rh1 Qg7 28.Rh3 Nc8 29.Be2 Ne7 30.Ne1 Ng8
31.Bh5 Rg5 32.Nd3 Qf8 33.Kg1 Kg7 34.Nf4 Qe7 35.Kf2 Be8 36.Be2 Kf7 37.Rh1 Qd8
38.Qb2 b5 39.cxb6 Qxb6 40.Qc3 Bd7 41.Qc5 Qxc5 42.bxc5 Bc8 43.a5 Ke8 44.Rb1 Ne7
45.Rb6 Kd7 46.Bxa6 Bxa6 47.Rxa6 Nc8 48.Ra8 Rg8 49.a6 Re8 50.Rb8 Nd6 51.a7  1-0

[Event "10th Open"]
[Site "Dubai UAE"]
[Date "2008.04.13"]
[Round "8"]
[White "Salem,AR"]
[Black "Kotsur,P"]
[Result "1-0"]
[WhiteElo "2429"]
[BlackElo "2568"]

1.d4 Nf6 2.c4 e6 3.Nf3 Bb4+ 4.Nbd2 b6 5.a3 Bxd2+ 6.Bxd2 Bb7 7.Bg5 h6 8.Bh4 d6
9.e3 Nbd7 10.Bd3 Qe7 11.Qc2 c5 12.d5 exd5 13.cxd5 Bxd5 14.O-O-O Bc6 15.Bg3 Ne5
16.Nxe5 dxe5 17.Qc3 O-O 18.Qxe5 Qxe5 19.Bxe5 Ng4 20.Bg3 Bxg2 21.Rhg1 Bf3
22.Rd2 Rfd8 23.Bc7 Rxd3 24.Rxd3 Nxf2 25.Rd7 Re8 26.Bf4 g5 27.h4 Nh3 28.Rg3 g4
29.Bxh6 Re6 30.Bf4 Nxf4 31.exf4 Rf6 32.Rxa7 Rxf4 33.Ra6 Rf6 34.a4 Re6 35.Rg1 Kg7
36.a5 bxa5 37.Rxe6 fxe6 38.Kd2 Kg6 39.Rc1 Kh5 40.Rxc5+ Kxh4 41.Rxa5 g3 42.Ke1 Kh3
43.Rg5 Kg2 44.b4 Bd5 45.b5 Kf3 46.Kf1  1-0

[Event "4th Open"]
[Site "Rhone FRA"]
[Date "2008.04.15"]
[Round "6"]
[White "Brih,S"]
[Black "Simutowe,A"]
[Result "0-1"]
[WhiteElo "2208"]
[BlackElo "2464"]

1.d4 Nf6 2.c4 e6 3.Nf3 Bb4+ 4.Nbd2 O-O 5.a3 Bxd2+ 6.Qxd2 b6 7.g3 Bb7 8.Bg2 a5
9.O-O a4 10.b4 axb3 11.d5 Na6 12.Bb2 Nc5 13.Nh4 Ra4 14.Rac1 Ba6 15.Qd4 exd5
16.Bxd5 c6 17.Bf3 d5 18.Nf5 Ne6 19.Qh4 Rxc4 20.Rxc4 Bxc4 21.Rd1 Re8 22.Nxg7 Kxg7
23.Qg4+ Kf8 24.Qf5 Ng8 25.Bh5 Qe7 26.Qxh7 Rd8 27.f4 f6 28.Qg6 Ng7 29.Bg4 Bxe2
30.Re1 Qc5+ 31.Kg2 Bxg4 32.Qxg4 Re8 33.Rc1 Qb5 34.Qd7 Qe2+ 35.Kh1 Qf3+ 36.Kg1 Re2
37.Qd6+ Kf7 38.Qd7+ Kg6 39.Qh3 Rxb2  0-1

[Event "Mediana"]
[Site "Nis SRB"]
[Date "2008.04.17"]
[Round "7"]
[White "Miljkovic,Mir1"]
[Black "Badev,K"]
[Result "1/2-1/2"]
[WhiteElo "2418"]
[BlackElo "2311"]

1.d4 Nf6 2.c4 e6 3.Nf3 Bb4+ 4.Nbd2 O-O 5.a3 Be7 6.e4 d5 7.e5 Nfd7 8.cxd5 exd5
9.b4 a5 10.b5 f6 11.Qb3 Kh8 12.Qxd5 c6 13.Qa2 fxe5 14.bxc6 Nxc6 15.d5 Nd4
16.Bc4 Bc5 17.O-O b5 18.Bd3 Ra6 19.Rb1 Rh6 20.Nxd4 Bxd4 21.Ne4 Rh5 22.Be2 Rhf5
23.Be3 Nf6 24.Nxf6 R5xf6 25.Bxd4 exd4 26.Bxb5 Rh6 27.f4 Qd6 28.g3 Bf5 29.Rbd1 Be4
30.Qf2 Qxd5 31.Qxd4 Qxb5 32.Qxe4 Qc5+ 33.Qd4 Qxa3 34.Ra1 Qb4 35.Qxb4 axb4
36.Rfb1 Rb6 37.Rb3 h6 38.Ra4 Rfb8 39.Kf2 Kh7 40.Ra5 Rc6  1/2-1/2

[Event "IX EICC"]
[Site "Plovdiv BUL"]
[Date "2008.04.21"]
[Round "1"]
[White "Nikolaidis,K"]
[Black "Papaioannou,I"]
[Result "0-1"]
[WhiteElo "2299"]
[BlackElo "2566"]

1.d4 Nf6 2.c4 e6 3.Nf3 Bb4+ 4.Nbd2 b6 5.a3 Bxd2+ 6.Bxd2 Bb7 7.e3 d6 8.Bd3 Nbd7
9.Bc3 Ne4 10.Bxe4 Bxe4 11.O-O O-O 12.Qe2 f5 13.Nd2 Bb7 14.b4 Qh4 15.a4 Rf6
16.f3 Rh6 17.g3 Rg6 18.a5 Nf6 19.Rf2 a6 20.Rg2 Qh6 21.e4 fxe4 22.Nxe4 Bxe4
23.fxe4 bxa5 24.Bd2 Qh3 25.e5 dxe5 26.dxe5 Ng4 27.Rxa5 Rd8 28.Bf4 Nh6 29.Rxa6 Nf5
30.Ra2 Rg4 31.Rd2 Rf8 32.Rd1 g5 33.Bc1 Nd4 34.Qb2 Re4 35.c5 Qg4  0-1

[Event "IX EICC"]
[Site "Plovdiv BUL"]
[Date "2008.04.22"]
[Round "2"]
[White "Dziuba,M"]
[Black "Willemze,T"]
[Result "1-0"]
[WhiteElo "2577"]
[BlackElo "2399"]

1.d4 e6 2.c4 Nf6 3.Nf3 Bb4+ 4.Nbd2 b6 5.a3 Bxd2+ 6.Qxd2 Bb7 7.e3 O-O 8.Be2 d6
9.O-O Nbd7 10.b4 Ne4 11.Qc2 f5 12.d5 e5 13.Nd2 Nxd2 14.Bxd2 b5 15.cxb5 Nb6
16.Bd3 e4 17.Bc4 Kh8 18.Rac1 Rc8 19.Qa2 Rf6 20.Bb3 Rg6 21.Bc3 Qd7 22.g3 Qxb5
23.a4 Qe8 24.Bd4 Nd7 25.Rc3 Ne5 26.Bxe5 dxe5 27.Rfc1 Qe7 28.Qc2 Qxb4 29.Rc4 Qa3
30.Rxc7 Rxc7 31.Qxc7 h5 32.d6 Rxd6 33.Qb8+ Kh7 34.Qg8+ Kh6 35.Rc7  1-0

[Event "IX EICC"]
[Site "Plovdiv BUL"]
[Date "2008.04.22"]
[Round "2"]
[White "Gajewski,G"]
[Black "Nestorovic,N"]
[Result "1-0"]
[WhiteElo "2601"]
[BlackElo "2381"]

1.d4 Nf6 2.Nf3 e6 3.c4 Bb4+ 4.Nbd2 b6 5.a3 Bxd2+ 6.Qxd2 Bb7 7.e3 d6 8.Be2 O-O
9.O-O Nbd7 10.b4 Qe7 11.Bb2 Ne4 12.Qc2 f5 13.d5 e5 14.Rfd1 a5 15.Nd2 Nxd2
16.Qxd2 Nf6 17.Qc2 Kh8 18.Bc3 axb4 19.axb4 b5 20.Rxa8 Bxa8 21.f3 bxc4 22.Bxc4 Nd7
23.Bb5 Nf6 24.Bc6 Bxc6 25.dxc6 Qe6 26.Be1 Rb8 27.Ra1 e4 28.f4 Nd5 29.Qd2 h6
30.Qd4 Rb6 31.Ra5 Ne7 32.Bc3 Qf7 33.b5 Kh7 34.h3 Nd5 35.Qc4 Qe6 36.Bd4 Rb8
37.b6 Nxf4 38.Qxe6 Nxe6 39.b7 Nd8 40.Ra8 Nxc6 41.Rxb8 Nxb8 42.Ba7  1-0

[Event "IX EICC"]
[Site "Plovdiv BUL"]
[Date "2008.04.26"]
[Round "6"]
[White "Jojua,D"]
[Black "Bartel,Mat"]
[Result "1-0"]
[WhiteElo "2463"]
[BlackElo "2588"]

1.d4 Nf6 2.c4 e6 3.Nf3 Bb4+ 4.Nbd2 b6 5.e3 Bb7 6.Bd3 O-O 7.O-O a5 8.a3 Bxd2
9.Bxd2 Be4 10.Qc2 Bxd3 11.Qxd3 d5 12.cxd5 Qxd5 13.Rac1 c5 14.Qb5 Nbd7 15.Rfd1 Rfc8
16.dxc5 Rxc5 17.Rxc5 bxc5 18.Qa4 Nb6 19.Qc2 Rd8 20.Rc1 c4 21.Bc3 Qb5 22.Nd4 Qc5
23.Bxa5 Qxa5 24.Nc6 Qa8 25.Nxd8 Qxd8 26.b3 cxb3 27.Qxb3 h5 28.h3 Nfd7 29.a4 Qa8
30.Qb5 Qa7 31.a5 Nd5 32.Rc8+ Kh7 33.a6 f5 34.Rc6 N7b6 35.Rxe6 g6 36.h4 Kh6
37.Qb2  1-0

[Event "IX EICC"]
[Site "Plovdiv BUL"]
[Date "2008.04.26"]
[Round "6"]
[White "Dziuba,M"]
[Black "Grecescu,G"]
[Result "1-0"]
[WhiteElo "2577"]
[BlackElo "2423"]

1.d4 Nf6 2.c4 e6 3.Nf3 Bb4+ 4.Nbd2 b6 5.a3 Bxd2+ 6.Qxd2 Bb7 7.e3 Ne4 8.Qc2 f5
9.Be2 O-O 10.O-O Rf6 11.b4 Rg6 12.Bb2 d6 13.d5 exd5 14.Rad1 c5 15.cxd5 Nd7
16.Bb5 Bc8 17.g3 Qe7 18.Ne1 Nf8 19.Ng2 Rh6 20.f3 Ng5 21.Bd3 Nh3+ 22.Kh1 Qg5
23.f4 Qe7 24.Bxf5 Ba6 25.Bd3 Bb7 26.e4 Ng6 27.Ne3 Rf8 28.Qg2 Qd7 29.Be2 Bc8
30.Bg4 Qxg4 31.Nxg4 Bxg4 32.Rde1 Ne7 33.bxc5 bxc5 34.Bc3 Bc8 35.Bd2 Bg4 36.Rb1 Rhf6
37.Rb7 R6f7 38.f5 Re8 39.Bf4 Nxf5 40.Rxf7 Kxf7 41.Bxd6 Kg8 42.exf5 Re2 43.Bxc5  1-0

[Event "IX EICC"]
[Site "Plovdiv BUL"]
[Date "2008.04.26"]
[Round "6"]
[White "Miton,K"]
[Black "Berescu,A"]
[Result "1/2-1/2"]
[WhiteElo "2620"]
[BlackElo "2481"]

1.d4 Nf6 2.c4 e6 3.Nf3 Bb4+ 4.Nbd2 b6 5.a3 Bxd2+ 6.Qxd2 Bb7 7.e3 d6 8.Be2 Nbd7
9.O-O O-O 10.b4 Ne4 11.Qc2 f5 12.Bb2 Rf6 13.d5 Rg6 14.Rad1 e5 15.Bd3 c6 16.Bxe4 fxe4
17.Qxe4 cxd5 18.cxd5 Nf6 19.Qc4 Rc8 20.Qb3 Qd7 21.Bxe5 dxe5 22.Nxe5 Bxd5
23.Nxg6 hxg6 24.Qd3 Qf5  1/2-1/2

[Event "Open"]
[Site "Halkidiki GRE"]
[Date "2008.05.02"]
[Round "5"]
[White "Tsikrikonis,P"]
[Black "Ataman,A"]
[Result "1/2-1/2"]
[WhiteElo "2023"]
[BlackElo "2231"]

1.d4 Nf6 2.c4 e6 3.Nf3 Bb4+ 4.Nbd2 O-O 5.Qc2 c5 6.a3 Bxd2+ 7.Bxd2 cxd4 8.Nxd4 d5
9.cxd5 Qxd5 10.e3 Bd7 11.Rc1 Nc6 12.Nxc6 Bxc6 13.Bc3 Qg5 14.Bxf6 Qxf6 15.Qc3 e5
16.f3 Qh4+ 17.g3 Qh5 18.e4 Rad8 19.Qe3 Rd4 20.Be2 Qh3 21.Kf2 h6 22.Rc5 f6
23.Bf1 Qd7 24.Be2 Rd2 25.Rd1 Rd4 26.Rxd4 exd4 27.Qb3+ Kh8 28.Bd3 Rd8 29.Rc1 Qe7
30.Qc4 f5 31.Re1 Qg5 32.h4 Qd2+ 33.Re2 Qd1 34.Re1 Qd2+ 35.Re2 Qd1  1/2-1/2

[Event "Open"]
[Site "Halkidiki GRE"]
[Date "2008.05.03"]
[Round "7"]
[White "Vragoteris,A"]
[Black "Ataman,A"]
[Result "1-0"]
[WhiteElo "2317"]
[BlackElo "2231"]

1.d4 Nf6 2.c4 e6 3.Nf3 Bb4+ 4.Nbd2 O-O 5.a3 Bxd2+ 6.Bxd2 Ne4 7.g3 d6 8.Bg2 Nd7
9.O-O Nxd2 10.Qxd2 e5 11.e4 Qe7 12.Rfe1 Nb8 13.Qc3 f6 14.h3 c5 15.d5 a5 16.b3 Bd7
17.Bf1 Qe8 18.Nh4 g6 19.f4 Na6 20.Nf3 Qd8 21.Qe3 Nc7 22.a4 Na6 23.Ra2 Qe7
24.Rf2 Rae8 25.Kh2 Kg7 26.Bd3 Nb4 27.Bb1 Qd8 28.Ref1 h6 29.Rg1 Qc8 30.Nh4 g5
31.fxg5 fxg5 32.Nf5+ Bxf5 33.exf5 Kf6 34.Qe2 Rh8 35.Qh5 Reg8 36.Rgf1 Qf8
37.Qg6+ Ke7 38.Qe6+ Kd8 39.f6 Kc7 40.f7 Rg7 41.Rf6  1-0

[Event "43rd Capablanca Memorial Open"]
[Site "Havana CUB"]
[Date "2008.05.10"]
[Round "3"]
[White "Pazos Gambarrotti,P"]
[Black "Llaudy Pupo,L"]
[Result "1/2-1/2"]
[WhiteElo "2361"]
[BlackElo "2234"]

1.d4 Nf6 2.Nf3 e6 3.c4 Bb4+ 4.Nbd2 b6 5.a3 Bxd2+ 6.Bxd2 Bb7 7.e3 d6 8.Bc3 Ne4
9.Rc1 Nd7 10.Be2 O-O 11.O-O Nxc3 12.Rxc3 f5 13.b4 a5 14.c5 axb4 15.axb4 Bd5
16.c6 Nf6 17.Nd2 Ne4 18.Rc2 Nxd2 19.Qxd2 Qg5 20.f3 Ra3 21.Bd3 Rfa8 22.e4 Qxd2
23.Rxd2 Rxd3 24.Rxd3 Bc4 25.Rc3 Bxf1 26.Kxf1 Ra2 27.exf5 exf5 28.d5 Kf7 29.f4 b5
30.Rd3 h6 31.Kg1 Kf6  1/2-1/2

[Event "43rd Capablanca Memorial Open"]
[Site "Havana CUB"]
[Date "2008.05.12"]
[Round "5"]
[White "Borges Feria,Y"]
[Black "Munoz,Li"]
[Result "1/2-1/2"]
[WhiteElo "2406"]
[BlackElo "2328"]

1.d4 e6 2.Nf3 Nf6 3.c4 Bb4+ 4.Nbd2 b6 5.e3 Bb7 6.Bd3 c5 7.O-O cxd4 8.Nxd4 O-O
9.a3 Be7 10.e4 d6 11.b3 Nbd7 12.Qe2 a6 13.Bb2 Qc7 14.Rae1 Rfe8 15.Bb1 Bf8
16.f4 g6 17.e5 Nh5 18.g3 Nc5 19.exd6 Qxd6 20.N4f3 Rad8 21.Rd1 Bg7 22.Bxg7 Nxg7
23.Bc2 Nf5 24.Ne4 Qe7 25.b4 Nxe4 26.Bxe4 Bxe4 27.Qxe4 a5 28.Ne5 axb4 29.axb4 Qxb4
30.Qb7 Nh6 31.Nd7 Kg7 32.Qxb6 Qxc4 33.Qb2+ e5 34.Nxe5 Qc5+ 35.Kh1 Rb8 36.Qg2 Rec8  1/2-1/2

[Event "11th IHEM"]
[Site "Hamburg GER"]
[Date "2008.05.14"]
[Round "6"]
[White "Colpe,M"]
[Black "Bracker,F"]
[Result "1/2-1/2"]
[WhiteElo "2089"]
[BlackElo "2253"]

1.d4 Nf6 2.c4 e6 3.Nf3 Bb4+ 4.Nbd2 b6 5.a3 Bxd2+ 6.Qxd2 Bb7 7.e3 O-O 8.Bd3 d6
9.O-O Nbd7 10.Qc2 e5 11.d5 a5 12.b3 Qe7 13.e4 Nh5 14.Bg5 f6 15.Be3 Nc5 16.Rfe1 Nxd3
17.Qxd3 g6 18.b4 f5 19.Bh6 Ng7 20.exf5 Rxf5 21.Nd4 Rh5 22.Bxg7 Qxg7 23.Ne6  1/2-1/2

[Event "Mayors Cup Open"]
[Site "Mumbai IND"]
[Date "2008.05.16"]
[Round "8"]
[White "Murali Krishnan,B"]
[Black "Macieja,B"]
[Result "0-1"]
[WhiteElo "2361"]
[BlackElo "2599"]

1.d4 Nf6 2.c4 e6 3.Nf3 Bb4+ 4.Nbd2 b6 5.e3 Bb7 6.Bd3 c5 7.O-O O-O 8.a3 Bxd2
9.Bxd2 d6 10.b4 Nbd7 11.Bc3 Qc7 12.Rc1 e5 13.Nd2 cxd4 14.exd4 Rfe8 15.f3 Re7
16.Kh1 Rae8 17.d5 b5 18.Bb2 Nb6 19.cxb5 Qd7 20.Ne4 Nbxd5 21.Re1 Nxe4 22.fxe4 Nf4
23.Bc4 Kh8 24.Bf1 d5 25.exd5 Bxd5 26.Kg1 Qb7 27.Qd2 f6 28.Rc5 Rd8 29.Bc1 h6
30.Qf2 Ne6 31.Rc3 Red7 32.Rh3 Kg8 33.a4 Ng5 34.Bxg5 hxg5 35.Rd3 Be6 36.Rxd7 Rxd7
37.a5 Rd4 38.Rb1 Bd7 39.Qe2 Kf8 40.h3 Bf5 41.Rb2 Bd3 42.Qf3 Qxf3 43.gxf3 Bxf1
44.Kxf1 Rd5 45.b6 axb6 46.a6 b5 47.a7 Rd1+ 48.Ke2 Ra1 49.Rc2 Rxa7 50.Rc5 Ra2+
51.Ke3 Rh2 52.Rxb5 Rxh3 53.Ke4 Kf7 54.Rb7+ Ke6 55.Rb6+ Kd7 56.Rb7+ Kc6  0-1

[Event "115th ch-SCO"]
[Site "Glasgow SCO"]
[Date "2008.06.07"]
[Round "3"]
[White "Hilton,S"]
[Black "Grant,J"]
[Result "0-1"]
[WhiteElo "1936"]
[BlackElo "2272"]

1.d4 Nf6 2.c4 e6 3.Nf3 Bb4+ 4.Nbd2 b6 5.g3 Bb7 6.Bg2 O-O 7.O-O Be7 8.b3 c5
9.Bb2 cxd4 10.Bxd4 Qc7 11.Bb2 d6 12.e4 Nbd7 13.Qc2 b5 14.Rac1 bxc4 15.Nd4 Rac8
16.Rfe1 Ne5 17.Nxc4 Nxc4 18.Qxc4 Qxc4 19.Rxc4 Rxc4 20.bxc4 Rb8 21.Ba3 Nd7
22.Nb5 Nc5 23.Bxc5 dxc5 24.Nxa7 Ra8 25.Nb5 Rxa2 26.e5 Bxg2 27.Kxg2 Rc2 28.Re4 g5
29.g4 h6 30.Kg3 Kf8 31.Na3 Rc1 32.Kf3 Bd8 33.Re2 Ba5 34.Nc2 Ke7 35.Ke4 Rd1
36.f4 Bd2 37.Ne3 Bxe3 38.Kxe3 Rd4 39.fxg5 hxg5 40.Kf3 Rxc4 41.Ra2 Rf4+  0-1

[Event "Serbia Cup"]
[Site "Zlatibor SRB"]
[Date "2008.06.16"]
[Round "1"]
[White "Nestorovic,De"]
[Black "Petrov,G MKD"]
[Result "1-0"]
[WhiteElo "2426"]
[BlackElo "2262"]

1.d4 Nf6 2.c4 e6 3.Nf3 Bb4+ 4.Nbd2 b6 5.a3 Bxd2+ 6.Bxd2 Bb7 7.Bg5 d6 8.Bh4 Nbd7
9.e3 Qe7 10.Bd3 e5 11.Bf5 Rd8 12.O-O O-O 13.d5 Bc8 14.Nd2 h6 15.f4 Rfe8 16.Bxd7 Bxd7
17.Ne4 Bf5 18.Nxf6+ gxf6 19.Qh5 Bd3 20.Rf3 Kh7 21.fxe5 Bg6 22.Qg4 dxe5 23.Bxf6 Qd7
24.Qh4 Rc8 25.Rh3 h5 26.Qg5  1-0

[Event "XXVI Balatoni Sakkfesztival IM"]
[Site "Balatonlelle HUN"]
[Date "2008.06.18"]
[Round "6"]
[White "Petran,Pa"]
[Black "Mitscherling,A"]
[Result "1-0"]
[WhiteElo "2347"]
[BlackElo "2281"]

1.d4 Nf6 2.c4 e6 3.Nf3 Bb4+ 4.Nbd2 c5 5.a3 Bxd2+ 6.Qxd2 cxd4 7.Nxd4 d5 8.cxd5 Qxd5
9.f3 e5 10.Nc2 Qb3 11.a4 Nc6 12.Ra3 Qb6 13.a5 Qc7 14.e4 O-O 15.Qc3 Rd8 16.Nb4 Qd6
17.Nxc6 Qd1+ 18.Kf2 bxc6 19.Rg1 Rd6 20.Be2 Qd4+ 21.Be3 Nxe4+ 22.fxe4 Qxe4
23.Rd1 Qf5+ 24.Ke1 Rxd1+ 25.Kxd1 Be6 26.Kc1 Qe4 27.Bf3 Qh4 28.Qd3 Qe1+ 29.Qd1 Qb4
30.Qd2 Qe7 31.Rc3 Bf5 32.Rxc6 Rd8 33.Qc3 Rd3 34.Qc5 Qh4 35.g3 Qd8 36.Qxa7 h6
37.Qb6 Qd7 38.Qc7 Rxe3 39.Qxd7 Bxd7 40.Rc7 Bb5 41.Bb7 Kf8 42.Rc5 Bd3  1-0

[Event "Serbia Cup"]
[Site "Zlatibor SRB"]
[Date "2008.06.20"]
[Round "5"]
[White "Sekulic,D"]
[Black "Madjar,S"]
[Result "1-0"]
[WhiteElo "2351"]
[BlackElo "2205"]

1.d4 Nf6 2.Nf3 e6 3.c4 Bb4+ 4.Nbd2 b6 5.e3 Bb7 6.a3 Bxd2+ 7.Bxd2 O-O 8.Be2 Ne4
9.O-O f5 10.Be1 d6 11.b4 c5 12.Qb3 Nd7 13.Nd2 Nxd2 14.Bxd2 Qg5 15.d5 exd5
16.cxd5 Nf6 17.Bf3 Ne4 18.Rfd1 Rae8 19.Rac1 Rf7 20.Qc4 f4 21.Bxe4 Rxe4 22.Qxe4 Bxd5
23.exf4  1-0

[Event "8th TCh-Euro U18"]
[Site "Szeged HUN"]
[Date "2008.06.21"]
[Round "7"]
[White "Bakos,B"]
[Black "Vila Gazquez,X"]
[Result "1-0"]
[WhiteElo "2385"]
[BlackElo "2418"]

1.d4 Nf6 2.c4 e6 3.Nf3 Bb4+ 4.Nbd2 O-O 5.a3 Be7 6.e4 d5 7.e5 Nfd7 8.b4 a5
9.b5 c5 10.cxd5 exd5 11.Bd3 a4 12.O-O Qb6 13.Re1 c4 14.Bc2 Qxb5 15.Nb1 Qc6
16.Nc3 Nb6 17.Bg5 Bxg5 18.Nxg5 g6 19.f4 h6 20.Nf3 f5 21.exf6 Qxf6 22.Ne5 Bf5
23.Bxf5 Qxf5 24.Qb1 Qxb1 25.Raxb1 Rf6 26.Ng4 Rd6 27.Re7 Kf8 28.Rh7 Kg8 29.Rxb7 N8d7
30.Nxh6+ Kf8 31.Ng4 Rb8 32.Rxb8+ Nxb8 33.Nb5 Rc6 34.Ne5 Rf6 35.Nc3 N8d7 36.g3 Ke8
37.Kg2 Kd8 38.h4 Kc7 39.Kf3 Re6 40.Rb5 Nf6 41.g4 Nfd7 42.Nxd7 Kxd7 43.Nxd5 Nc8
44.Nc3 Nd6 45.Rd5 Kc6 46.Rc5+ Kd7 47.Re5 Rf6 48.Nxa4 Rf8 49.Nb6+ Kc6 50.Nxc4  1-0

[Event "22th Open"]
[Site "Pula CRO"]
[Date "2008.06.25"]
[Round "6"]
[White "Obodchuk,A"]
[Black "Djukic,Z CRO"]
[Result "1-0"]
[WhiteElo "2421"]
[BlackElo "2304"]

1.d4 Nf6 2.c4 e6 3.Nf3 Bb4+ 4.Nbd2 b6 5.a3 Bxd2+ 6.Bxd2 Bb7 7.Bg5 h6 8.Bh4 d6
9.e3 Nbd7 10.Be2 Qe7 11.Qc2 a5 12.b3 O-O 13.O-O Rfe8 14.Nd2 e5 15.Rae1 Qf8
16.d5 e4 17.f3 exf3 18.Rxf3 Re5 19.e4 Rae8 20.Re3 R5e7 21.h3 g5 22.Bg3 Ne5
23.b4 axb4 24.axb4 Nfd7 25.Nb3 Ra8 26.Nd4 Ng6 27.Rf1 Nde5 28.Bh5 Bc8 29.c5 bxc5
30.bxc5 Bd7 31.Bxg6 Nxg6 32.cxd6 cxd6 33.Bxd6 Qg7 34.Bxe7 Qxd4 35.Bc5 Qe5
36.Qc3 Qxc3 37.Rxc3 Nf4 38.Rf2 Ra4 39.Re3 Bb5 40.Bd6 Nd3 41.Rd2 Ra6 42.Bg3 Ra3
43.Kh2 h5 44.d6 h4 45.Be5 Kf8 46.d7  1-0

[Event "TCh-TUR"]
[Site "Kocaeli TUR"]
[Date "2008.06.27"]
[Round "6"]
[White "Esen,B"]
[Black "Genc,C"]
[Result "1/2-1/2"]
[WhiteElo "2451"]
[BlackElo "2227"]

1.d4 e6 2.Nf3 Nf6 3.c4 Bb4+ 4.Nbd2 b6 5.a3 Bxd2+ 6.Bxd2 Bb7 7.g3 d6 8.Bg2 Nbd7
9.O-O O-O 10.Bg5 h6 11.Bxf6 Nxf6 12.Qd3 c5 13.Rfd1 Qe7 14.dxc5 dxc5 15.Qd6 Qxd6
16.Rxd6 Rfd8 17.Rad1 Rxd6 18.Rxd6 Kf8 19.Ne5 Bxg2 20.Kxg2 Ke7 21.Rd3 Rc8
22.b4 a6 23.f4 b5 24.bxc5 Rxc5 25.cxb5 axb5 26.Rb3 Nd7 27.Nd3 Rd5 28.Kf3 f5
29.Nb4 Rc5 30.Nd3 Rd5 31.Rc3 Kd6 32.Ke3 Nc5 33.Nxc5  1/2-1/2

[Event "5th GM"]
[Site "Mulhouse FRA"]
[Date "2008.06.27"]
[Round "4"]
[White "Chatalbashev,B"]
[Black "Riff,JN"]
[Result "0-1"]
[WhiteElo "2605"]
[BlackElo "2487"]

1.d4 Nf6 2.c4 e6 3.Nf3 Bb4+ 4.Nbd2 O-O 5.a3 Be7 6.e4 d5 7.Qc2 dxe4 8.Nxe4 Nc6
9.Bd3 Nxd4 10.Nxd4 Qxd4 11.Nxf6+ Bxf6 12.Bxh7+ Kh8 13.Be4 Bd7 14.Bxb7 Rab8
15.Bf3 Qe5+ 16.Kf1 a5 17.a4 Rb4 18.Ra3 Rfb8 19.Bd1 Bc6 20.Rh3+ Kg8 21.b3 Be4
22.Qe2 Rd8 23.Bd2 Qa1 24.f4 Bd3 25.Rxd3 Rxd3 26.Bxb4 Rxd1+ 27.Be1 Qc1 28.g3 Qb1
29.Kg2 Rc1 30.Kh3 Bc3 31.Bxc3 Rxh1 32.Qd2 Qh7+ 33.Kg4 Qg6+ 34.Kf3 Qh5+ 35.Ke3 Rxh2
36.Qd8+ Kh7 37.Qd3+ Kh6 38.Be5 f6 39.Bc3 Rg2 40.Be1 e5 41.fxe5 fxe5 42.Bf2 Rh2
43.Qd8 Qg5+ 44.Qxg5+ Kxg5 45.Be1 Rb2 46.Bxa5 Kf5 47.Bxc7 Rxb3+ 48.Ke2 Rb4
49.a5 Rxc4 50.Bb6 Ra4 51.Kf3 Ra3+ 52.Kf2 Ke4 53.Kg2 Ra2+  0-1

[Event "5th GM"]
[Site "Mulhouse FRA"]
[Date "2008.07.01"]
[Round "9"]
[White "Gozzoli,Y"]
[Black "Riff,JN"]
[Result "1/2-1/2"]
[WhiteElo "2509"]
[BlackElo "2487"]

1.d4 Nf6 2.c4 e6 3.Nf3 Bb4+ 4.Nbd2 O-O 5.a3 Be7 6.e4 d5 7.Qc2 dxe4 8.Nxe4 Nc6
9.Bd3 h6 10.Be3 Ng4 11.Rd1 f5 12.Nc3 Bf6 13.O-O Bxd4 14.Bxf5 Rxf5 15.Bxd4 Rxf3
16.gxf3 Nxh2 17.Kxh2 Qh4+ 18.Kg1 Qg5+ 19.Kh1 Qh4+  1/2-1/2

[Event "World Open"]
[Site "Philadelphia USA"]
[Date "2008.07.04"]
[Round "5"]
[White "Almeida,A"]
[Black "Harper,W"]
[Result "1-0"]
[WhiteElo "1753"]
[BlackElo "2294"]

1.d4 Nf6 2.c4 e6 3.Nf3 Bb4+ 4.Nbd2 b6 5.a3 Bxd2+ 6.Bxd2 h6 7.g3 O-O 8.Bg2 Bb7
9.O-O d6 10.b4 Nbd7 11.Bc3 Qc8 12.Rc1 Rd8 13.Qb3 Be4 14.Bh3 d5 15.c5 c6 16.Nd2 Bf5
17.Bxf5 exf5 18.cxb6 Nxb6 19.Nf3 Ne4 20.Ne5 f6 21.Nd3 Nc4 22.Rc2 Qe6 23.Rfc1 Rdb8
24.Be1 Ned6 25.Nc5 Qf7 26.Qd3 g6 27.Bd2 Kg7 28.Bf4 Rd8 29.Bxd6 Rxd6 30.Nb3 Qb7
31.Nd2 Nb6 32.b5 Rc8 33.Qc3 g5 34.e3 Kg6 35.Qb4 Qd7 36.a4 f4 37.exf4 gxf4
38.a5 Nc4 39.Nxc4 dxc4 40.Rxc4 f3 41.Qb1+ Qf5 42.Qxf5+ Kxf5 43.bxc6 Ke4 44.c7 Rxd4
45.Rc6 Kf5 46.h3 Rd7 47.R1c3  1-0

[Event "FSGM July"]
[Site "Budapest HUN"]
[Date "2008.07.05"]
[Round "1"]
[White "Berczes,D"]
[Black "Mas,H"]
[Result "1-0"]
[WhiteElo "2458"]
[BlackElo "2386"]

1.d4 Nf6 2.c4 e6 3.Nf3 Bb4+ 4.Nbd2 b6 5.a3 Bxd2+ 6.Qxd2 Bb7 7.e3 d6 8.Be2 Nbd7
9.O-O O-O 10.b4 a5 11.Bb2 Qe7 12.Qc2 Ne4 13.Rfd1 f5 14.d5 e5 15.Nd2 Nxd2
16.Qxd2 Ra7 17.f4 Re8 18.Bh5 Rea8 19.Bf3 e4 20.Be2 Nf6 21.h3 axb4 22.axb4 Bc8
23.Bd4 Bd7 24.Qb2 Kf7 25.Rxa7 Rxa7 26.Ra1 Rxa1+ 27.Qxa1 Qd8 28.Qa7 Kg6 29.Bd1 h6
30.Bb3 Be8 31.Qb7 Bf7 32.Ba4 h5 33.Bc6 Bg8 34.Kf1 Bf7 35.Ke2 h4 36.Kd2 Kh7
37.Kc2 Bh5 38.Kd2 Bf7 39.Bxb6 cxb6 40.Qxf7 Kh6 41.Kc2 g6 42.Kb3 Ng8 43.Be8 Ne7
44.Qf8+ Kh7 45.Bxg6+  1-0

[Event "5th Sth Wales Int"]
[Site "Trefforst WLS"]
[Date "2008.07.06"]
[Round "2"]
[White "Brown,T"]
[Black "Rees,I"]
[Result "0-1"]
[WhiteElo "2195"]
[BlackElo "2287"]

1.Nf3 Nf6 2.c4 e6 3.d4 Bb4+ 4.Nbd2 b6 5.a3 Bxd2+ 6.Nxd2 Bb7 7.Qc2 O-O 8.e4 d5
9.cxd5 exd5 10.e5 Ne4 11.Bd3 Nc6 12.Nb3 a5 13.Be3 f5 14.f3 a4 15.Nd2 f4 16.fxe4 fxe3
17.Nf3 Rxf3 18.gxf3 Nxd4 19.Qg2 Qh4+ 20.Qg3 Nxf3+ 21.Ke2 Nd4+ 22.Kxe3 Qe7
23.Rac1 c5 24.Rcf1 Re8 25.Qf4 Ne6 26.Qf5 Nd4 27.Qf4 Ne6 28.Qf5 c4 29.exd5 cxd3
30.dxe6 Qc5+ 31.Kd2 Qc2+ 32.Ke3 Qc5+ 33.Kd2 Qc2+ 34.Ke3 Qe2+ 35.Kd4 Rd8+
36.Kc3 Qc2+  0-1

[Event "2nd NJ Futurity Int"]
[Site "New Jersey USA"]
[Date "2008.07.09"]
[Round "4"]
[White "Ippolito,D"]
[Black "Scekic,M"]
[Result "0-1"]
[WhiteElo "2445"]
[BlackElo "2371"]

1.d4 Nf6 2.c4 e6 3.Nf3 Bb4+ 4.Nbd2 b6 5.a3 Bxd2+ 6.Qxd2 Ne4 7.Qc2 Bb7 8.e3 f5
9.Be2 O-O 10.O-O d6 11.b4 Nd7 12.Bb2 Ndf6 13.Rad1 Qe8 14.d5 e5 15.c5 Qg6
16.Nh4 Qg5 17.g3 Rae8 18.f4 exf4 19.exf4 Qh6 20.Bb5 bxc5 21.bxc5 Rb8 22.Nxf5 Qh3
23.Ne7+ Kh8 24.c6 Bc8 25.Bd3 Nxg3 26.hxg3 Qxg3+ 27.Kh1 Bg4 28.Be2 Qh3+ 29.Kg1 Qe3+
30.Rf2 Rxb2 31.Qxb2 Qxe7 32.Qd2 Qf7 33.Bxg4 Nxg4 34.Rg2 h5 35.Re1 Qf5 36.Rg3 Rb8
37.Qd3 Qxf4 38.Rf1 Qe5 39.Rh3 Nf6 40.Rf5 Qe8 41.Kh1 Kg8 42.Re3 Rb1+ 43.Kg2 Rb2+
44.Kh3 Qf7 45.Rg3 Ng4 46.Rg2 Rb3 47.Qxb3 Qxf5 48.Qc2 Nf2+ 49.Kg3 Qxc2  0-1

[Event "XXIII Tadeusz Gniota Mem"]
[Site "Police POL"]
[Date "2008.07.10"]
[Round "2"]
[White "Koziak,V"]
[Black "Kurpiewski,S"]
[Result "1/2-1/2"]
[WhiteElo "2489"]
[BlackElo "2184"]

1.d4 Nf6 2.c4 e6 3.Nf3 Bb4+ 4.Nbd2 b6 5.e3 Bb7 6.Bd3 Ne4 7.O-O f5 8.Qc2 Nxd2
9.Nxd2 Qg5 10.e4 Bxd2 11.Bxd2 Qh4 12.exf5 Bxg2 13.f4 Qg4 14.Rf2 Be4+ 15.Kf1 Qh3+
16.Ke2 Bxf5 17.Bxf5 Qxf5 18.Qxf5 exf5 19.Kd3 Kf7 20.Re1 Re8 21.Rxe8 Kxe8
22.b4 d6 23.d5 Nd7 24.Bc3 Kf7 25.Rb2 a6 26.a3 Re8 27.Bd4 Re4 28.Be3 Nf6 29.Rc2 Nh5
30.Rf2 g6 31.a4 Ke7 32.a5 bxa5 33.bxa5 Kd7 34.Rf1 Kc8 35.Rf3 Nf6 36.Bd4 Nh5
37.Be3 Kd8 38.Rf1 Kd7 39.Rf2 Kc8 40.Rf3  1/2-1/2